| 000 | 00408nam a2200157Ia 4500 | ||
|---|---|---|---|
| 008 | 230524s9999 xx 000 0 und d | ||
| 082 |
_a530.076 _bHAL |
||
| 100 |
_aAlvin Halpern _923893 |
||
| 245 | 0 | _a"3000,Solved Problems in Physics (Schaum's Outline Series)" | |
| 250 | _a1ST | ||
| 260 |
_aNEW DELHI _bTMH _c2004 |
||
| 300 | _aV;737 | ||
| 500 | _aQuantity Number: 1 | ||
| 650 | _aPhysics | ||
| 942 | _cBK | ||
| 999 |
_c35421 _d35421 |
||